The Saiyids of Hadramawt : (Record no. 34888)
[ view plain ]
| 000 -LEADER | |
|---|---|
| fixed length control field | 00964cam a2200253Ia 4500 |
| 001 - CONTROL NUMBER | |
| control field | 34888 |
| 003 - CONTROL NUMBER IDENTIFIER | |
| rucl marc code | BD-RjUL |
| 005 - DATE AND TIME OF LATEST TRANSACTION | |
| control field | 20211209052227.0 |
| 008 - FIXED-LENGTH DATA ELEMENTS--GENERAL INFORMATION | |
| fixed length control field | 140519s1957 enk b 000 0ceng d |
| 035 ## - SYSTEM CONTROL NUMBER | |
| System control number | (BD-RjUL)34982 |
| 040 ## - CATALOGING SOURCE | |
| Original cataloging agency | UUM |
| Transcribing agency | UUM |
| Modifying agency | OCLCQ |
| -- | BD-RjUL |
| Language of cataloging | eng |
| 041 0# - LANGUAGE CODE | |
| Language code of text/sound track or separate title | eng |
| -- | ara |
| 082 ## - DEWEY DECIMAL CLASSIFICATION NUMBER | |
| Classification number | 301.45 |
| Author mark and year | SES 1957 |
| 099 #1 - LOCAL FREE-TEXT CALL NUMBER (OCLC) | |
| Bangla Class number | Frye 4042 |
| 100 1# - MAIN ENTRY--PERSONAL NAME | |
| Personal name | Serjeant, R. B. |
| Fuller form of name | (Robert Bertram) |
| 9 (RLIN) | 3463 |
| 245 14 - TITLE STATEMENT | |
| Title | The Saiyids of Hadramawt : |
| Remainder of title | an inaugural lecture delivered on 5 June 1956 / |
| Statement of responsibility, etc. | by R.B. Serjeant. |
| 260 ## - PUBLICATION, DISTRIBUTION, ETC. (IMPRINT) | |
| Place of publication, distribution, etc. | London : |
| Name of publisher, distributor, etc. | School of Oriental and African Studies, University of London, |
| Date of publication, distribution, etc. | 1957. |
| 300 ## - PHYSICAL DESCRIPTION | |
| Pagination | 29 p. ; |
| Size | 22 cm. |
| 504 ## - BIBLIOGRAPHY, ETC. NOTE | |
| Bibliography, etc | Includes bibliographical references. |
| 651 #0 - SUBJECT ADDED ENTRY--GEOGRAPHIC NAME | |
| Geographic name | Hadramawt (Yemen : Province) |
| Form subdivision | Biography. |
| 9 (RLIN) | 106206 |
| 710 2# - ADDED ENTRY--CORPORATE NAME | |
| Corporate name or jurisdiction name as entry element | University of London. |
| Subordinate unit | School of Oriental and African Studies. |
| 9 (RLIN) | 8873 |
| 830 #0 - SERIES ADDED ENTRY--UNIFORM TITLE | |
| Uniform title | Inaugural lecture (University of London. School of Oriental and African Studies). |
| 942 ## - ADDED ENTRY ELEMENTS (KOHA) | |
| Source of classification or shelving scheme | Dewey Decimal Classification |
| Koha item type | Books |
| Lost status | Source of classification or shelving scheme | Damaged status | Not for loan | Collection code | Permanent Location | Current Location | Shelving location | Date acquired | Source of acquisition | Cost, normal purchase price | Total Checkouts | Full call number | Date last seen | Copy number | Koha item type |
|---|---|---|---|---|---|---|---|---|---|---|---|---|---|---|---|
| Dewey Decimal Classification | Not For Loan | Non-fiction | Central Library, University of Rajshahi | Central Library, University of Rajshahi | Reading Room | 23/01/1964 | Zitlinger | 0.00 | 953.3 SES 1957 | 19/05/2014 | C-1 | Books |